Now that I believe / (Record no. 5900)

MARC details
000 -LEADER
fixed length control field 00546nam a2200217Ia 4500
001 - CONTROL NUMBER
control field 22188
003 - CONTROL NUMBER IDENTIFIER
control field GBCCL
005 - DATE AND TIME OF LATEST TRANSACTION
control field 20241126110552.0
008 - FIXED-LENGTH DATA ELEMENTS--GENERAL INFORMATION
fixed length control field 900426c19761949ilu 000 0 eng d
035 ## - SYSTEM CONTROL NUMBER
System control number (OCoLC)21434668
040 ## - CATALOGING SOURCE
Original cataloging agency IFH
Transcribing agency IFH
049 ## -
-- LBBK
082 ## - DEWEY DECIMAL CLASSIFICATION NUMBER
Classification number 248
Item number COO
100 1# - MAIN ENTRY--PERSONAL NAME
Personal name Cook, Robert A.
Dates associated with a name 1912-
9 (RLIN) 10672
245 10 - TITLE STATEMENT
Title Now that I believe /
Statement of responsibility, etc. by Robert A. Cook.
250 ## - EDITION STATEMENT
Edition statement 51st Printing
260 ## - PUBLICATION, DISTRIBUTION, ETC.
Place of publication, distribution, etc. Chicago :
Name of publisher, distributor, etc. Moody Press,
Date of publication, distribution, etc. 1963
300 ## - PHYSICAL DESCRIPTION
Extent 127 p. ;
Dimensions 17 cm.
650 #0 - SUBJECT ADDED ENTRY--TOPICAL TERM
Topical term or geographic name entry element Christian life
9 (RLIN) 183
942 ## - ADDED ENTRY ELEMENTS (KOHA)
Source of classification or shelving scheme Dewey Decimal Classification
Koha item type Books
Holdings
Withdrawn status Lost status Source of classification or shelving scheme Damaged status Not for loan Home library Current Library Shelving location Date acquired Total checkouts Full call number Barcode Date last seen Copy number Price effective from Koha item type
    Dewey Decimal Classification     GRACE BIBLE COLLEGE GRACE BIBLE COLLEGE Ministry & Mission 2018-04-17   248 COO 009336 2025-05-01 c.1 2018-04-17 Books
© Grace Bible College Library 2025